[Event "IECG CP.2001.P.00020"]
[Site "IECG email"]
[Date "2001.10.01"]
[Round "?"]
[White "Brozio, Michael"]
[Black "Ratke, Aija"]
[Result "1-0"]
[WhiteElo "1242"]
[BlackElo "1799"]
[PlyCount "75"]
[EventDate "2001.10.01"]
[EventType "tourn (corr)"]
[EventRounds "6"]
[SourceTitle "Corr 2008"]
[Source "ChessBase"]
[SourceDate "2008.06.24"]
[SourceVersion "1"]
[SourceVersionDate "2008.06.24"]
[SourceQuality "1"]

1. e4 e5 2. Nf3 Nc6 3. Bc4 Bc5 4. b4 Bxb4 5. c3 Be7 6. d4 Na5 7. Nxe5 Nxc4 8. Nxc4 d5 9. exd5 Qxd5 10. Ne3 Qd7 11. 0-0 Nf6 12. c4 0-0 13. Nc3 c6 14. d5 Bd6 15. Bb2 Re8 16. Qd3 Qc7 17. h3 Bd7 18. dxc6 bxc6 19. Rad1 Bh2+ 20. Kh1 Rad8 21. Ncd5 cxd5 22. Bxf6 gxf6 23. Nxd5 Qd6 24. c5 Qe5 25. Rfe1 Qxe1+ 26. Rxe1 Rxe1+ 27. Kxh2 Re6 28. Qg3+ Kf8 29. Qh4 Kg7 30. Nxf6 Rxf6 31. Qg5+ Rg6 32. Qxd8 Bc6 33. g4 Re6 34. f4 h6 35. f5 Re8 36. Qd6 Rc8 37. h4 Kh7 38. g5 1-0

[Event "IECG CP.2001.P.00020"]
[Site "IECG email"]
[Date "2001.10.01"]
[Round "?"]
[White "Ratke, Aija"]
[Black "Shilo, Amit"]
[Result "1-0"]
[WhiteElo "1799"]
[BlackElo "800"]
[PlyCount "41"]
[EventDate "2001.10.01"]
[EventType "tourn (corr)"]
[EventRounds "6"]
[SourceTitle "Corr 2008"]
[Source "ChessBase"]
[SourceDate "2008.06.24"]
[SourceVersion "1"]
[SourceVersionDate "2008.06.24"]
[SourceQuality "1"]

1. e4 e6 2. d4 d5 3. Nd2 c5 4. exd5 exd5 5. Ngf3 Nc6 6. Bb5 Qe7+ 7. Be2 Nf6 8. 0-0 g6 9. Bb5 Bg7 10. Ne5 Qc7 11. Re1 0-0 12. Ndf3 cxd4 13. Bxc6 bxc6 14. Qxd4 c5 15. Qd1 Bb7 16. Bf4 Ne4 17. Nxg6 Qb6 18. Nxf8 Rxf8 19. Ne5 Re8 20. Qh5 Re7 21. Rad1 1-0

[Event "IECG C1.2001.0.00334"]
[Site "IECG email"]
[Date "2001.01.28"]
[Round "?"]
[White "Peroutik, Jiri"]
[Black "Ratke, Aija"]
[Result "0-1"]
[WhiteElo "1800"]
[BlackElo "1826"]
[PlyCount "50"]
[EventDate "2001.01.28"]
[EventType "tourn (corr)"]
[EventRounds "6"]
[SourceTitle "Corr 2008"]
[Source "ChessBase"]
[SourceDate "2008.06.24"]
[SourceVersion "1"]
[SourceVersionDate "2008.06.24"]
[SourceQuality "1"]

1. e4 e5 2. Nf3 Nc6 3. Bb5 a6 4. Ba4 Nf6 5. 0-0 Be7 6. Re1 b5 7. Bb3 d6 8. c3 0-0 9. h3 Be6 10. d4 Bxb3 11. axb3 exd4 12. cxd4 Qd7 13. d5 Ne5 14. b4 c6 15. Nc3 cxd5 16. Nxd5 Nxd5 17. exd5 Nxf3+ 18. Qxf3 Bf6 19. Qg3 Rfe8 20. Bf4 Bxb2 21. Rab1 Rxe1+ 22. Rxe1 Qf5 23. Qe3 g5 24. Bxd6 Qxd5 25. Be7 Re8 0-1

[Event "IECG C1.2001.0.00334"]
[Site "IECG email"]
[Date "2001.01.28"]
[Round "?"]
[White "Ratke, Aija"]
[Black "Kulczycki, Michael"]
[Result "1-0"]
[WhiteElo "1826"]
[BlackElo "1812"]
[PlyCount "71"]
[EventDate "2001.01.28"]
[EventType "tourn (corr)"]
[EventRounds "6"]
[SourceTitle "Corr 2008"]
[Source "ChessBase"]
[SourceDate "2008.06.24"]
[SourceVersion "1"]
[SourceVersionDate "2008.06.24"]
[SourceQuality "1"]

1. e4 c6 2. d4 d5 3. e5 Bf5 4. Ne2 e6 5. Ng3 Bg6 6. h4 h5 7. Be2 c5 8. dxc5 Bxc5 9. Nd2 Nc6 10. Nb3 Bb6 11. Bxh5 Nxe5 12. Bxg6 Nxg6 13. Bg5 Qd6 14. Qe2 Qe5 15. a4 Rc8 16. Qxe5 Nxe5 17. a5 Bd8 18. Bxd8 Rxc2 19. Bg5 Nd3+ 20. Kf1 Rxf2+ 21. Kg1 Rxb2 22. Nd4 e5 23. Ndf5 f6 24. Bc1 Nxc1 25. Rxc1 g6 26. Ne3 Rb5 27. Ng4 Kd7 28. h5 Rxa5 29. hxg6 Rxh1+ 30. Kxh1 Rb5 31. Nh5 Rb6 32. g7 e4 33. Nhxf6+ Rxf6 34. Nxf6+ Nxf6 35. Rf1 Ng8 36. Rf8 1-0

[Event "IECG CP.2000.P.00112"]
[Site "IECG email"]
[Date "2000.10.01"]
[Round "?"]
[White "Schulze, Michael"]
[Black "Ratke, Aija"]
[Result "1-0"]
[WhiteElo "2407"]
[BlackElo "1812"]
[PlyCount "43"]
[EventDate "2000.10.01"]
[EventType "tourn (corr)"]
[EventRounds "6"]
[EventCountry "GER"]
[SourceTitle "Corr 2008"]
[Source "ChessBase"]
[SourceDate "2008.06.24"]
[SourceVersion "1"]
[SourceVersionDate "2008.06.24"]
[SourceQuality "1"]

1. e4 e5 2. Nf3 Nc6 3. Bb5 a6 4. Ba4 Nf6 5. 0-0 Be7 6. Re1 b5 7. Bb3 d6 8. c3 0-0 9. h3 Be6 10. d4 Bxb3 11. axb3 exd4 12. cxd4 d5 13. e5 Nd7 14. Bd2 Nb4 15. e6 fxe6 16. Rxe6 a5 17. Na3 c6 18. Nc2 Rc8 19. Rxa5 Nxc2 20. Qxc2 Nb8 21. Ra7 Bd6 22. Rh6 1-0

[Event "IECG C1.2000.0.00257"]
[Site "IECG email"]
[Date "2000.01.26"]
[Round "?"]
[White "Scholbach, Tillmann"]
[Black "Ratke, Aija"]
[Result "1-0"]
[WhiteElo "1968"]
[BlackElo "2012"]
[PlyCount "25"]
[EventDate "2000.01.26"]
[EventType "tourn (corr)"]
[EventRounds "6"]
[SourceTitle "Corr 2008"]
[Source "ChessBase"]
[SourceDate "2008.06.24"]
[SourceVersion "1"]
[SourceVersionDate "2008.06.24"]
[SourceQuality "1"]

1. c4 e5 2. Nc3 Bb4 3. Nd5 Ba5 4. b4 c6 5. bxa5 cxd5 6. cxd5 Qxa5 7. e4 Nf6 8. f3 d6 9. Ne2 Na6 10. Nc3 Nc5 11. Nb5 Qb6 12. d4 exd4 13. Bf4 1-0

[Event "IECG Q1.2000.0.00102"]
[Site "IECG email"]
[Date "2000.01.23"]
[Round "?"]
[White "Vujadinovic, Milan"]
[Black "Ratke, Aija"]
[Result "1-0"]
[WhiteElo "2173"]
[BlackElo "2012"]
[PlyCount "71"]
[EventDate "2000.01.23"]
[EventType "tourn (corr)"]
[EventRounds "6"]
[SourceTitle "Corr 2008"]
[Source "ChessBase"]
[SourceDate "2008.06.24"]
[SourceVersion "1"]
[SourceVersionDate "2008.06.24"]
[SourceQuality "1"]

1. e4 e5 2. Nf3 Nc6 3. Bb5 a6 4. Bxc6 dxc6 5. 0-0 f6 6. d4 exd4 7. Nxd4 c5 8. Ne2 Qxd1 9. Rxd1 Bd7 10. Be3 0-0-0 11. Nbc3 Bd6 12. Bf4 Bxf4 13. Nxf4 Ne7 14. Rd2 Nc6 15. Rad1 Rhe8 16. f3 Nd4 17. Ncd5 b6 18. c3 Ne6 19. Nxe6 Rxe6 20. g4 c4 21. Kf2 b5 22. h4 h6 23. h5 Ree8 24. Ke3 Re6 25. Kf4 Re5 26. Ne3 Re7 27. Nf5 Rf7 28. Rd5 Re8 29. R1d2 Bxf5 30. Kxf5 Rfe7 31. a4 c6 32. Rd6 Kc7 33. a5 Re5+ 34. Kg6 R8e7 35. Kh7 Rg5 36. Rd8 1-0

[Event "IECG Q1.2000.0.00102"]
[Site "IECG email"]
[Date "1999.01.23"]
[Round "?"]
[White "Ratke, Aija"]
[Black "Baer, Werner"]
[Result "0-1"]
[WhiteElo "2012"]
[BlackElo "2164"]
[PlyCount "84"]
[EventDate "2000.01.23"]
[EventType "tourn (corr)"]
[EventRounds "6"]
[SourceTitle "Corr 2008"]
[Source "ChessBase"]
[SourceDate "2008.06.24"]
[SourceVersion "1"]
[SourceVersionDate "2008.06.24"]
[SourceQuality "1"]

1. e4 e5 2. Nf3 Nc6 3. Bb5 Bc5 4. 0-0 Nf6 5. Nxe5 Nxe5 6. d4 c6 7. dxe5 Nxe4 8. Bd3 Nxf2 9. Rxf2 Bxf2+ 10. Kxf2 Qh4+ 11. Kg1 Qd4+ 12. Kh1 Qxe5 13. Qe2 Qxe2 14. Bxe2 d5 15. Bf4 Bf5 16. c3 0-0-0 17. Na3 Rhe8 18. Bf3 Rd7 19. Kg1 Rde7 20. Kf2 Kd7 21. Rd1 Be4 22. c4 Bxf3 23. Kxf3 Re2 24. cxd5 Rxb2 25. dxc6+ Kxc6 26. Rc1+ Kd5 27. Nc2 f6 28. Rd1+ Kc5 29. Bd6+ Kb5 30. Rd2 Kb6 31. Bg3 Rxa2 32. Rd6+ Kb5 33. Nd4+ Ka4 34. Ne6 Re7 35. Nf4 Ra3+ 36. Kf2 b5 37. Nd3 b4 38. Rd4 Ra2+ 39. Kf3 a5 40. Bf2 Kb5 41. Rd8 h5 42. Be3 g5 0-1